[Event "7th ch-Euro"]
[Site "Kusadasi TUR"]
[Date "2006.04.05"]
[Round "2"]
[White "Logothetis,S"]
[Black "Kosintseva,T"]
[Result "1/2-1/2"]
[WhiteElo "2298"]
[BlackElo "2479"]

1.d4 Nf6 2.c4 e6 3.Nf3 d5 4.g3 Be7 5.Bg2 O-O 6.O-O dxc4 7.Qc2 a6 8.a4 Bd7
9.Qxc4 Bc6 10.Bf4 Nbd7 11.Nc3 Rc8 12.Rfd1 Nb6 13.Qb3 Nbd5 14.Ne5 Nxf4 15.gxf4 Bxg2
16.Kxg2 Nd5 17.Nxd5 Qxd5+ 18.Qxd5 exd5 19.Rac1 Bd6 20.e3 a5 21.Rc3 f6 22.Nd3 b6
23.Rb3 Kf7 24.Rb5 Ke6 25.f5+ Kd7 26.Kf3 Rb8 27.Rg1 Rg8 28.Nf4 c6 29.Rb3 Bb4
30.Rd3 b5 31.axb5 Rxb5 32.b3 Ke7 33.h4 Bd6 34.h5 Bxf4 35.Kxf4 Kd6 36.f3 Rb7
37.e4 Re8 38.Ra1 Rb5 39.Re1 Reb8 40.e5+ fxe5+ 41.dxe5+ Ke7 42.Rc1 Rb4+ 43.Kg5 R8b6
44.h6 gxh6+ 45.Kxh6 Kf7 46.Kg5 h6+ 47.Kxh6 c5+ 48.Kg5 Rb8 49.e6+ Ke7 50.f6+ Kxe6
51.Re1+ Kd6 52.Kf5 d4 53.f7 Rf8 54.Kf6 a4 55.bxa4 Rxa4 56.Re8 Ra8 57.Rxa8 Rxa8
58.Ra3 Rc8 59.Ra6+ Kd5 60.Re6 Rf8 61.Re8 Rxf7+ 62.Kxf7 c4 63.Rd8+ Ke5 64.Re8+ Kd5
65.Rd8+ Ke5 66.f4+ Ke4 67.f5 c3 68.f6 c2 69.Rc8 d3 70.Ke7 d2 71.f7 c1=Q 72.Rxc1 dxc1=Q
73.f8=Q Qc5+  1/2-1/2

[Event "7th ch-Euro w"]
[Site "Kusadasi TUR"]
[Date "2006.04.06"]
[Round "3"]
[White "Kachiani,K"]
[Black "Zdebskaja,N"]
[Result "0-1"]
[WhiteElo "2421"]
[BlackElo "2326"]

1.d4 Nf6 2.c4 e6 3.g3 d5 4.Nf3 Be7 5.Bg2 O-O 6.O-O dxc4 7.Qc2 a6 8.Qxc4 b5
9.Qc2 Bb7 10.Bd2 Be4 11.Qc1 Bb7 12.Bf4 Nc6 13.Rd1 Nd5 14.Bg5 Nb6 15.Bxe7 Qxe7
16.Ne5 Nxe5 17.Bxb7 Ra7 18.Bg2 Ned7 19.Bc6 Nb8 20.Nd2 Qd6 21.Bf3 Qxd4 22.Ne4 Qe5
23.Nc5 c6 24.a4 Rc7 25.a5 N6d7 26.Nd3 Qf6 27.b4 Ne5 28.Nxe5 Qxe5 29.Ra3 c5
30.Re3 Qg5 31.h4 Qe7 32.bxc5 Rxc5 33.Qa3 Qc7 34.Red3 Rc4 35.Qd6 Qxa5 36.Qxf8+ Kxf8
37.Rd8+ Ke7 38.Rxb8 Rc7 39.Kg2 Qc3 40.Rd3 Qe1 41.g4 h6 42.Ra3 Rc1 43.Rb7+ Kf6
44.Kg3 g5 45.hxg5+ hxg5 46.Rd3 Rc3 47.Rdd7 Qg1+ 48.Kh3 Qxf2 49.Rxf7+ Ke5
50.Rbd7 Qxe2 51.Rd5+ exd5 52.Re7+ Kd4 53.Rxe2 Rxf3+  0-1

[Event "7th ch-Euro"]
[Site "Kusadasi TUR"]
[Date "2006.04.07"]
[Round "4"]
[White "Logothetis,S"]
[Black "Kosintseva,N"]
[Result "1/2-1/2"]
[WhiteElo "2298"]
[BlackElo "2480"]

1.d4 Nf6 2.c4 e6 3.Nf3 d5 4.g3 Be7 5.Bg2 O-O 6.O-O dxc4 7.Qc2 a6 8.a4 Bd7
9.Qxc4 Bc6 10.Bg5 Bd5 11.Qc2 Be4 12.Qc1 h6 13.Bxf6 Bxf6 14.Nc3 Bxf3 15.Bxf3 c6
16.e3 a5 17.Rd1 Na6 18.Ne4 Be7 19.Qc4 Qb6 20.Rac1 Rfd8 21.h4 Rac8 22.b3 Rd7
23.Kg2 Rcd8 24.h5 Qc7 25.Nc3 Nb4 26.Qe2 Qb8 27.Ne4 Na6 28.Nc3 Ba3 29.Ra1 Bf8
30.Rac1 Nb4 31.Ne4 e5 32.dxe5 Qxe5 33.Rxd7 Rxd7 34.Rd1 Nd5 35.Rd4 Re7 36.Qc4 Re8
37.Nc3 Nf6 38.Qd3 Bb4 39.Ne2 Bc5 40.Rd8  1/2-1/2

[Event "TCh-HUN 2005-6"]
[Site "Hungary HUN"]
[Date "2006.04.09"]
[Round "10"]
[White "Ignacz,M"]
[Black "Nemeth,V"]
[Result "1-0"]
[WhiteElo "2228"]
[BlackElo "1908"]

1.d4 d5 2.c4 e6 3.Nf3 Nf6 4.g3 Be7 5.Bg2 O-O 6.O-O dxc4 7.Qc2 a6 8.Qxc4 b5
9.Qc2 Bb7 10.Bg5 Nbd7 11.Bxf6 Nxf6 12.Nbd2 Rc8 13.Nb3 c5 14.dxc5 Be4 15.Qc1 Qc7
16.Rd1 Bxc5 17.Nxc5 Qxc5 18.Qxc5 Rxc5 19.Rac1 Rd5 20.Rxd5 Bxd5 21.b3 Rd8
22.Ne5 h6 23.Rc2 Be4 24.Bxe4 Nxe4 25.Nd3 Rd6 26.Rc8+ Kh7 27.f3 Ng5 28.Kf2 f6
29.h4 Nf7 30.Ra8 Ne5 31.Nb4 Rd4 32.Nxa6 Nc6 33.Nc7 b4 34.Nxe6 Rd7 35.Nf8+  1-0

[Event "LII Nacional Abierto"]
[Site "Mexico City MEX"]
[Date "2006.04.13"]
[Round "4"]
[White "Gonzalez Zamora,J"]
[Black "Davalos,A"]
[Result "1-0"]
[WhiteElo "2521"]
[BlackElo "2271"]

1.Nf3 d5 2.d4 Nf6 3.c4 e6 4.g3 Be7 5.Bg2 O-O 6.O-O Nbd7 7.Qc2 c6 8.Rd1 Ne4
9.Nbd2 f5 10.Ne1 Bd6 11.Nd3 Qf6 12.Nf3 g5 13.Nfe5 Nxe5 14.dxe5 Bxe5 15.Nxe5 Qxe5
16.f3 Nd6 17.cxd5 exd5 18.Bxg5 Nc4 19.Qc3 Qxc3 20.bxc3 Be6 21.Kf2 b5 22.Be7 Rf7
23.Bc5 a5 24.Rd4 Ne5 25.Bf1 Nd7 26.Bd6 c5 27.Rd2 b4 28.cxb4 axb4 29.Rc1 Rc8
30.Rb2 Rc6 31.Bf4 Rb6 32.Rcb1 d4 33.e3 dxe3+ 34.Bxe3 Rf8 35.Rd1 Rc8 36.Rbd2 Nf6
37.Rd8+ Rxd8 38.Rxd8+ Kf7 39.Bxc5 Rc6 40.Bxb4 Rc2+ 41.Rd2 Rxd2+ 42.Bxd2 Bxa2
43.Ke3 Nd5+ 44.Kd4 Ke6 45.Ba6 Ne7 46.Bg5 Nc6+ 47.Kc5 Ne7 48.Bd3 Ng6 49.f4 Bb3
50.g4 fxg4 51.f5+ Kf7 52.fxg6+ hxg6 53.Kd6  1-0

[Event "XXIX Open"]
[Site "Donostia San Sebastian ESP"]
[Date "2006.04.14"]
[Round "8"]
[White "Conquest,S"]
[Black "Gomez Esteban,J"]
[Result "1-0"]
[WhiteElo "2505"]
[BlackElo "2495"]

1.d4 Nf6 2.c4 e6 3.g3 d5 4.Nf3 Be7 5.Bg2 O-O 6.O-O dxc4 7.Qc2 a6 8.Qxc4 b5
9.Qc2 Bb7 10.Bd2 Ra7 11.Rc1 Be4 12.Qb3 Nbd7 13.Ba5 Qa8 14.Nbd2 Bd5 15.Qe3 Bd6
16.Rc2 Qb7 17.Rac1 Nb6 18.b3 Raa8 19.Qd3 h6 20.Nh4 Bxg2 21.Nxg2 Rac8 22.Qf3 Qxf3
23.Nxf3 Nbd5 24.Rc6 Ne4 25.Nd2 Nxd2 26.Bxd2 Bb4 27.Be1 Bxe1 28.Nxe1 a5 29.Nd3 b4
30.R1c5 Ra8 31.Nb2 Nc3 32.e3 Nxa2 33.Na4 Ra7 34.Rxc7 Rxc7 35.Rxc7 Rd8 36.Rc5 Rd5
37.Rc8+ Kh7 38.Rc2 Nc3 39.Nxc3 bxc3 40.Rxc3 Rb5 41.Kg2 Rb4 42.h4 h5 43.Kf3 g6
44.Ke4 Kg7 45.Ke5 Rb5+ 46.Kd6 Kf6 47.e4 Rb4 48.Rf3+ Kg7 49.Kc5 f5 50.e5 Kf7
51.Rc3 Ke7 52.d5 exd5 53.Kxd5 Rb5+ 54.Rc5 Rxb3 55.Rc7+ Kd8 56.Ra7 Rb6 57.e6 a4
58.Ke5  1-0

[Event "17th Pobeskydi Radegast Cup"]
[Site "Frydek Mistek CZE"]
[Date "2006.04.14"]
[Round "3"]
[White "Rychlik,H"]
[Black "Hrtanek,J"]
[Result "0-1"]
[WhiteElo "1996"]
[BlackElo "2181"]

1.Nf3 d5 2.c4 e6 3.d4 Nf6 4.g3 Be7 5.Bg2 O-O 6.O-O Nbd7 7.Nc3 c6 8.b3 b6
9.Bb2 Bb7 10.Ne1 Rc8 11.cxd5 exd5 12.Rc1 Re8 13.Nc2 Ba8 14.Qd2 Nf8 15.Rfd1 Ne6
16.b4 Qd7 17.a3 Rcd8 18.Bh3 Qb7 19.b5 cxb5 20.Nxb5 Ne4 21.Qd3 a6 22.Nc3 b5
23.Bg2 Rc8 24.Ne3 Nxc3 25.Rxc3 Rxc3 26.Qxc3 Qd7 27.Rc1 Bb7 28.Nxd5 Bxd5 29.e4 Bf6
30.exd5 Nxd4 31.Qb4 Ne2+ 32.Kh1 Nxc1 33.Bxc1 Be7 34.Qd2 Bc5 35.Bb2 Qe7 36.Bc3 Bxa3
37.Qd4 f6 38.h4 Bc5 39.Qf4 Bd6 40.Qg4 b4 41.Bd4 b3 42.h5 Be5 43.d6 Qxd6 44.h6 f5
45.Qh4 Qxh6 46.Qxh6 gxh6 47.Bd5+ Kg7 48.Bxe5+ Rxe5 49.Bxb3 a5 50.Kg2 Rc5
51.Ba4 Rc4 52.Bb5 Rb4 53.Bd7 Kf6  0-1

[Event "7th ch-Euro"]
[Site "Kusadasi TUR"]
[Date "2006.04.14"]
[Round "10"]
[White "Mchedlishvili,M"]
[Black "Erenburg,S"]
[Result "1/2-1/2"]
[WhiteElo "2568"]
[BlackElo "2573"]

1.c4 e6 2.d4 d5 3.Nf3 Nf6 4.g3 Be7 5.Bg2 O-O 6.O-O c6 7.Qc2 Nbd7 8.Nbd2 b6
9.e4 Re8 10.cxd5 cxd5  1/2-1/2

[Event "LII Nacional Abierto"]
[Site "Mexico City MEX"]
[Date "2006.04.14"]
[Round "5"]
[White "Rueda,C"]
[Black "Escobedo Tinajero,A"]
[Result "0-1"]
[WhiteElo "2112"]
[BlackElo "2399"]

1.d4 d5 2.Nf3 Nf6 3.g3 e6 4.c4 Be7 5.Bg2 O-O 6.O-O dxc4 7.Nc3 a6 8.Ne5 Nc6
9.Nxc6 bxc6 10.Qa4 Qxd4 11.Be3 Qg4 12.Qxc6 Bd7 13.Qxa8 Rxa8 14.Bxa8 c6 15.Rad1 Qh3
16.f3 e5 17.Rd2 h5 18.Nd1 Nd5 19.Bf2 h4 20.e4 hxg3 21.hxg3 Nb4 22.Bb6 Qxg3+
23.Rg2 Qh4 24.Ne3 Bh3 25.Nf5 Bxf5 26.exf5 Nd5 27.Rg4 Qh6  0-1

[Event "7th ch-Euro"]
[Site "Kusadasi TUR"]
[Date "2006.04.15"]
[Round "11"]
[White "Miroshnichenko,E"]
[Black "Zelcic,R"]
[Result "1/2-1/2"]
[WhiteElo "2619"]
[BlackElo "2514"]

1.Nf3 Nf6 2.g3 e6 3.Bg2 d5 4.d4 Be7 5.c4 O-O 6.Qc2 c5 7.dxc5 Qa5+ 8.Nc3 Qxc5
9.cxd5 Nxd5 10.O-O Nxc3 11.Qxc3 Qxc3 12.bxc3 Nc6 13.Nd4 Na5 14.Rb1 e5 15.Nc2 Rb8
16.Rb5 b6 17.Rxe5 Bf6 18.Bf4 Ba6 19.Re3 Rbd8 20.Nb4 Bc4 21.h4 Rfe8 22.Nd5 Bxd5
23.Rxe8+ Rxe8 24.Bxd5 Rxe2 25.Rd1 h6 26.Bf3 Re7 27.Rd8+ Kh7 28.Rc8 Nb7 29.Kf1 g6
30.Rc6 Bg7 31.h5 Nc5 32.Bd6 Rd7 33.hxg6+ fxg6 34.Bxc5 bxc5 35.Be4 Bxc3 36.Rxg6 Rd1+
37.Kg2 Bd4 38.f4 Re1 39.Bf5 Rc1 40.Ra6+ Kg7 41.Rxa7+ Kf6 42.g4 Rg1+ 43.Kf3 Rf1+
44.Ke4 Re1+ 45.Kd5 Rf1 46.Ra6+ Kg7 47.Rg6+ Kf7 48.Rxh6 Rxf4 49.Ra6 Be3 50.Ke5 Rf1
51.Ra7+ Kf8 52.Ke4 Bd4 53.a4 Bf6 54.Kd5 Be7 55.a5 Rd1+ 56.Kc4 Rd4+ 57.Kb5 Rb4+
58.Kc6 c4 59.a6 Ra4 60.Kb5 Rb4+ 61.Ka5 Rb2 62.Rb7 Bd8+ 63.Ka4 Ra2+ 64.Kb5 Ra5+
65.Kxc4 Rxa6 66.Rb8  1/2-1/2

[Event "XIII TCh-RUS 1st League"]
[Site "Sochi RUS"]
[Date "2006.04.22"]
[Round "3"]
[White "Siuniakov,I"]
[Black "Provotorov,I"]
[Result "0-1"]
[WhiteElo "2305"]
[BlackElo "2333"]

1.Nf3 Nf6 2.d4 d5 3.c4 e6 4.g3 Be7 5.Bg2 O-O 6.O-O dxc4 7.Ne5 Nc6 8.Nxc6 bxc6
9.Na3 Bxa3 10.bxa3 Ba6 11.Re1 Rb8 12.e4 Qe7 13.Qa4 Bb5 14.Qc2 Rfd8 15.e5 Nd5
16.Re4 c5 17.Rh4 g6 18.dxc5 c3 19.a4 Bc6 20.Ba3 Qg5 21.f4 Qe7 22.Be4 Nb4
23.Qxc3 Bxe4 24.Bxb4 Bc6 25.Re1 Qd7 26.f5 Qd5 27.Rhe4 exf5 28.e6 fxe4 29.Qf6 Qd4+  0-1

[Event "8th Dubai Open"]
[Site "Dubai UAE"]
[Date "2006.04.23"]
[Round "1"]
[White "Navabi,S"]
[Black "Kayumov,S"]
[Result "0-1"]
[WhiteElo "2082"]
[BlackElo "2426"]

1.Nf3 d5 2.d4 Nf6 3.c4 e6 4.g3 Be7 5.Bg2 O-O 6.Qc2 dxc4 7.Qxc4 a6 8.O-O b5
9.Qc2 Bb7 10.Bg5 Nbd7 11.Bxf6 Nxf6 12.Nbd2 Rc8 13.Nb3 Be4 14.Qd2 Qd5 15.Rac1 Nd7
16.Rfd1 Rfd8 17.Qc3 Qa8 18.Qe3 a5 19.Nbd2 Bb7 20.Nb3 a4 21.Nc5 Nxc5 22.dxc5 Bf6
23.b3 Bb2 24.Rb1 a3 25.Ne1 Bxg2 26.Nxg2 Qc6 27.Ne1 Rd5 28.b4 Rcd8 29.Rxd5 Rxd5
30.Nd3 Bd4 31.Qc1 h5 32.Qxa3 h4 33.Qc1 hxg3 34.e4 Rh5 35.Qf4 gxf2+ 36.Nxf2 e5
37.Qf3 Qg6+ 38.Kf1 Rxh2 39.Ng4 Rh4  0-1

[Event "Classics GMB"]
[Site "Gausdal NOR"]
[Date "2006.04.24"]
[Round "2"]
[White "Kvisla,J"]
[Black "Nordstrom,F"]
[Result "1/2-1/2"]
[WhiteElo "2026"]
[BlackElo "2178"]

1.d4 Nf6 2.c4 e6 3.Nf3 d5 4.g3 Be7 5.Bg2 O-O 6.O-O Nbd7 7.Nbd2 b6 8.Qc2 Bb7
9.Ne5 c5 10.Nxd7 Qxd7 11.Nf3 cxd4 12.Rd1 Rac8 13.Rxd4 Rxc4 14.Rxc4 dxc4 15.Ne5 Qc8
16.Qxc4 Qxc4 17.Nxc4 Ba6 18.b3 Bxc4 19.bxc4 Rc8 20.Bf4 Rxc4 21.Bb7 Bc5 22.Kg2 Nd5
23.Bb8 a5 24.Rd1 Rd4 25.Rb1 Rd2 26.Bxd5 exd5 27.Kf3 Rxa2 28.Ba7 Ra3+ 29.Kg2 h6  1/2-1/2

[Event "XXIV Open"]
[Site "Metz FRA"]
[Date "2006.04.24"]
[Round "3"]
[White "Postny,E"]
[Black "Becker,Mart"]
[Result "1-0"]
[WhiteElo "2572"]
[BlackElo "2347"]

1.d4 d5 2.c4 e6 3.Nf3 Nf6 4.g3 Be7 5.Bg2 O-O 6.Qc2 c5 7.O-O cxd4 8.Nxd4 Qb6
9.Rd1 Na6 10.cxd5 Nb4 11.Qb3 Bc5 12.e3 Nbxd5 13.Nc3 Rd8 14.Na4 Qxb3 15.Nxb3 Be7
16.e4 Nb4 17.Rxd8+ Bxd8 18.Bd2 Nd3 19.Nbc5 Nxc5 20.Nxc5 Kf8 21.Rc1 Nd7 22.Nd3 a5
23.e5 Rb8 24.b4 axb4 25.Bxb4+ Ke8 26.Bd6 Ra8 27.Nb4 Be7 28.Rc7 Bd8 29.Bxb7 Bxc7
30.Bxa8 Bxd6 31.exd6 Ne5 32.f4 Nc4 33.Kf2 Kd7 34.Ke2 Kxd6 35.Kd3 Kc5 36.Kc3 Ne3
37.Nd3+ Kb5 38.Ne5 f6 39.Nf3 Kc5 40.Be4 h6 41.Nd2 Nd1+ 42.Kc2 Ne3+ 43.Kd3 Nd1
44.Bf3 Ba6+ 45.Kc2 Ne3+ 46.Kc3 Nd5+ 47.Bxd5 Kxd5 48.a4 g5 49.fxg5 hxg5 50.h4 gxh4
51.gxh4 Ke5 52.h5 f5 53.Nf3+ Kf6 54.h6 Kg6 55.Ng5 Kxh6 56.Nxe6 Kh5 57.Kd4 Kg4
58.Ke5 Bc4 59.Nf4 Ba6 60.a5 Bb5 61.Nd5 Kg5 62.Nc7 Bc4 63.Kd4 Be2 64.Ne6+ Kg4
65.Ke5 Bc4 66.Nf4 Ba6 67.Nd5 Kg5 68.Nb4 Bc4 69.Kd4 Bf1 70.Nd3 Bg2 71.a6 Ba8
72.Ke5 Be4 73.Nc5 Ba8 74.Ne6+ Kg4 75.Nc7 Bh1 76.Nd5  1-0

[Event "VII TCh-RUS w"]
[Site "Sochi RUS"]
[Date "2006.04.24"]
[Round "5"]
[White "Sirotkina,N"]
[Black "Chistiakova,T"]
[Result "0-1"]
[WhiteElo "2277"]
[BlackElo "2351"]

1.c4 Nf6 2.Nf3 e6 3.g3 d5 4.d4 Be7 5.Bg2 O-O 6.Qc2 b6 7.O-O Bb7 8.cxd5 Nxd5
9.a3 Nd7 10.e4 N5f6 11.Nc3 c5 12.Rd1 cxd4 13.Nxd4 Qc7 14.Qe2 e5 15.Nf5 Bc5
16.Bg5 h6 17.Bd2 a5 18.Rac1 a4 19.Be3 Kh7 20.Bxc5 Nxc5 21.Nd6 Nb3 22.Ncb5 Nxc1
23.Rxc1 Qxc1+  0-1

[Event "Master Open"]
[Site "Cutro ITA"]
[Date "2006.04.25"]
[Round "3"]
[White "Di Caro,C"]
[Black "Cordi',D"]
[Result "1-0"]
[WhiteElo "2318"]
[BlackElo "2065"]

1.Nf3 Nf6 2.c4 e6 3.g3 d5 4.d4 Be7 5.Bg2 O-O 6.O-O Nbd7 7.Qc2 b6 8.cxd5 exd5
9.Qc6 Rb8 10.Bf4 Bb7 11.Qa4 a6 12.Nc3 Rc8 13.Ne5 c6 14.Rad1 b5 15.Qb3 Nh5
16.Bc1 Kh8 17.e4 Nb6 18.Rfe1 a5 19.exd5 a4 20.Qc2 cxd5 21.Qe2 b4 22.Qxh5 g6
23.Qf3  1-0

[Event "Classics GMB"]
[Site "Gausdal NOR"]
[Date "2006.04.26"]
[Round "4"]
[White "Ivanov,MM"]
[Black "Westerinen,H"]
[Result "1/2-1/2"]
[WhiteElo "2443"]
[BlackElo "2386"]

1.d4 d5 2.Nf3 Nf6 3.c4 e6 4.g3 Be7 5.Bg2 O-O 6.O-O dxc4 7.Qc2 a6 8.Qxc4 b5
9.Qc2 Bb7 10.Bf4 Nc6 11.Rd1  1/2-1/2

[Event "XXIV Open"]
[Site "Metz FRA"]
[Date "2006.04.26"]
[Round "5"]
[White "Savchenko,S"]
[Black "Spraggett,K"]
[Result "0-1"]
[WhiteElo "2495"]
[BlackElo "2578"]

1.d4 Nf6 2.c4 e6 3.g3 d5 4.Nf3 Be7 5.Bg2 O-O 6.O-O Nbd7 7.b3 c6 8.Nc3 a6
9.Qc2 b5 10.a4 b4 11.Nb1 a5 12.Nbd2 c5 13.e4 Bb7 14.exd5 exd5 15.Bb2 Rc8
16.Rad1 Re8 17.cxd5 Bxd5 18.Nc4 Be4 19.Qd2 Nb6 20.Nxb6 Qxb6 21.dxc5 Bxc5
22.Ne5 Bxg2 23.Kxg2 Qb7+ 24.Kg1 h6 25.Qf4 Re6 26.Ng4 Ne4 27.Qf3 Qa7 28.Kg2 Rce8
29.Rd5 Ng5 30.Qf5 Qa8 31.Rd1 Re2 32.Bd4 g6 33.Qxg5 Bxd4  0-1

[Event "RC SPORT Open"]
[Site "Usti nad Orlici CZE"]
[Date "2006.05.01"]
[Round "3"]
[White "Mlynek,P"]
[Black "Kantorik,M"]
[Result "1/2-1/2"]
[WhiteElo "2256"]
[BlackElo "2286"]

1.d4 Nf6 2.c4 e6 3.g3 d5 4.Nf3 Be7 5.Bg2 O-O 6.O-O dxc4 7.Qc2 a6 8.a4 Bd7
9.Rd1 Bc6 10.Nc3 Nd5 11.e4 Nxc3 12.bxc3 b5 13.Ne5 Bb7  1/2-1/2

[Event "GM"]
[Site "Hockenheim/Willingen GER"]
[Date "2006.05.03"]
[Round "3"]
[White "Romanishin,O"]
[Black "Gasthofer,A"]
[Result "1/2-1/2"]
[WhiteElo "2552"]
[BlackElo "2415"]

1.d4 Nf6 2.Nf3 e6 3.g3 d5 4.Bg2 Be7 5.c4 O-O 6.O-O dxc4 7.Qc2 a6 8.a4 Bd7
9.Qxc4 Bc6 10.Bg5 Bd5 11.Qd3 c5 12.Nc3 cxd4 13.Nxd5 Nxd5 14.Bxe7 Qxe7 15.Nxd4 Nc6
16.Rac1 Nxd4 17.Qxd4 Rfd8 18.Rfd1 a5 19.Qc5 Qe8 20.Qb5 Qxb5 21.axb5 Kf8 22.Bxd5 exd5
23.Rc7 Rab8 24.Rd4 g5 25.h4 h6 26.e3 Kg7 27.Kf1 Kg6 28.Ke2 Rd6 29.Kd2 Rf6
30.f4 gxh4 31.gxh4 Rf5 32.Ke2 Kh5 33.Kf3 Rg8 34.Rxb7 Kxh4 35.Rd7 Rg3+ 36.Kf2 Rh3
37.b3 Kg4 38.Ke2 Rh2+ 39.Kd3 Rf6 40.R4xd5 Rb2 41.Kc3 Re2 42.Re5 h5 43.Rg5+ Kf3
44.Rxh5 Rxe3+ 45.Kc4 Kg4 46.Rhd5 Re1 47.Rd4 Rc1+ 48.Kd3 Kf3 49.R7d5 Rh6 50.Re5 f5
51.Re3+ Kg4 52.Rc4  1/2-1/2

[Event "VI Mario Covas"]
[Site "Santos BRA"]
[Date "2006.05.03"]
[Round "5"]
[White "Coelho,L"]
[Black "Fier,A"]
[Result "1/2-1/2"]
[WhiteElo "2394"]
[BlackElo "2471"]

1.d4 Nf6 2.c4 e6 3.g3 d5 4.Bg2 Be7 5.Nf3 O-O 6.O-O dxc4 7.Ne5 c6 8.Nc3 Nd5
9.Nxc4 b5 10.Ne5 Bb7 11.Bd2 Nd7 12.Nxd7 Qxd7 13.Ne4 Rad8 14.Qc2 Nf6 15.Ba5 Rb8
16.Rfd1 Nxe4 17.Bxe4 h6 18.Qc3 Rfc8 19.Bb4 Bf6 20.Bc5 Ra8 21.a4 Ba6 22.a5 b4
23.Qd2 Rab8 24.e3 b3 25.Qc3 Bd8 26.Ra3 Qb7 27.Rc1 Bc7 28.Bf3 Bd8 29.Bd6 Bc7
30.Bc5 Bd8 31.Bd1 Qc7 32.Rxb3 Rxb3 33.Bxb3 Be2 34.Ra1 Bf3 35.Bc2 f5 36.e4 fxe4
37.Qe3 Bg5 38.Qe1 e3 39.h4 exf2+ 40.Qxf2 Be3 41.Qxe3 Qxg3+ 42.Kf1 e5 43.Bd1 Qg2+
44.Ke1 Bd5 45.dxe5 Qxb2 46.Bd4 Qh2 47.Be2 c5 48.Bc3 Qxh4+ 49.Kd2 Rd8 50.Rg1 Be6+
51.Kc1 Qa4 52.Qxh6 Bg4 53.Qg5 Qa3+ 54.Bb2 Qxa5 55.Qxg4 Qd2+ 56.Kb1 Qh6 57.Bc4+ Kh8
58.Qxg7+ Qxg7 59.e6 Qxb2+ 60.Kxb2 Re8 61.Kc3 Kh7 62.Bd5 a5 63.Kc4 a4 64.Ra1 Kg6
65.Rxa4 Kf6 66.Ra7 Ke5 67.Rd7 Rb8 68.e7 Kf6 69.Rd8 Rb4+ 70.Kxc5 Kxe7 71.Rh8 Ra4
72.Rh6 Rf4 73.Re6+ Kd7 74.Re5 Rf6 75.Rg5 Ke7 76.Rg7+ Kf8 77.Rb7 Rg6 78.Be4 Rg7
79.Rb6 Ke7 80.Rh6 Rg5+ 81.Bd5 Rg1 82.Re6+ Kd7 83.Rf6 Rg7 84.Rh6 Ke7 85.Re6+ Kd7
86.Re5 Rg6 87.Rh5 Ke7 88.Rf5 Rf6 89.Re5+ Kf8 90.Be6 Ke7 91.Kd5 Rf2 92.Bh3+ Kf6
93.Re6+ Kg5 94.Re4 Kf6  1/2-1/2

[Event "4th TCh-SCG"]
[Site "Vrnjacka Banja SCG"]
[Date "2006.05.03"]
[Round "3"]
[White "Mijailovic,Z"]
[Black "Mirkovic,Sl"]
[Result "1-0"]
[WhiteElo "2384"]
[BlackElo "2378"]

1.Nf3 d5 2.c4 e6 3.g3 Nf6 4.Bg2 Be7 5.d4 O-O 6.O-O Nbd7 7.Qc2 c6 8.Rd1 Ne4
9.Nbd2 f5 10.Ne1 Bg5 11.Ndf3 Bf6 12.Nd3 g5 13.b3 c5 14.Bb2 g4 15.Nfe5 cxd4
16.Bxd4 Qc7 17.Qb2 Nxe5 18.Bxe5 Qg7 19.Rac1 Rf7 20.cxd5 exd5 21.Bxf6 Rxf6
22.Nf4 Rc6 23.Qxg7+ Kxg7 24.Nxd5 Kf7 25.f3 gxf3 26.exf3 Ng5 27.f4 Ne4 28.Ne3 h5
29.Rxc6 bxc6 30.Rd8 Ke7 31.Rh8 Nd6 32.Bxc6 Rb8 33.Nd5+ Kf7 34.Rh7+ Kg6 35.Rxa7 Be6
36.Ra8 Rxa8 37.Bxa8 Ne4 38.Nc7 Bf7 39.Bxe4 fxe4 40.Kf2 Kf5 41.Nb5 Kg4 42.Nd6 Bd5
43.f5 Kh3 44.f6 Kxh2 45.Nxe4  1-0

[Event "4th TCh-SCG"]
[Site "Vrnjacka Banja SCG"]
[Date "2006.05.04"]
[Round "4"]
[White "Lekic,D"]
[Black "Somborski,N"]
[Result "1-0"]
[WhiteElo "2346"]
[BlackElo "2410"]

1.d4 d5 2.c4 e6 3.Nf3 Nf6 4.g3 Be7 5.Bg2 O-O 6.O-O dxc4 7.Qc2 a6 8.a4 Bd7
9.Qxc4 Bc6 10.Bg5 Bd5 11.Qd3 Be4 12.Qe3 Nbd7 13.Nc3 Bxf3 14.Qxf3 c6 15.Rfd1 Qa5
16.h4 Rfe8 17.e4 e5 18.d5 h6 19.Be3 Bc5 20.Bh3 Bd4 21.dxc6 bxc6 22.Bxd4 exd4
23.Rxd4 Ne5 24.Qe2 Rab8 25.Rad1 Rb4 26.Rxb4 Qxb4 27.f4 Ng6 28.e5 h5 29.Qc2 Ng4
30.Bxg4 hxg4 31.Ne4 Rb8 32.Ng5 Nf8 33.Rd2 Qb6+ 34.Kg2 Qe3 35.Qc3 Qe1 36.Rf2 Qb1
37.Qc4 Rb7 38.f5 a5 39.e6 Rxb2 40.exf7+ Kh8 41.Qxg4 Rxf2+ 42.Kxf2 Qb6+ 43.Kg2 g6
44.Ne6 Qb2+ 45.Kh3 Qb1 46.Qf3  1-0

[Event "Geller Mem"]
[Site "Moscow RUS"]
[Date "2006.05.05"]
[Round "2"]
[White "Rychagov,A"]
[Black "Novikov,Ma"]
[Result "0-1"]
[WhiteElo "2542"]
[BlackElo "2489"]

1.d4 d5 2.Nf3 Nf6 3.c4 e6 4.g3 Be7 5.Bg2 O-O 6.O-O dxc4 7.Qc2 a6 8.Qxc4 b5
9.Qc2 Bb7 10.Bd2 Ra7 11.Rd1 Nbd7 12.Ba5 Qa8 13.b4 Nb8 14.a3 Nc6 15.Bxc7 Nxb4
16.Qb2 Rc8 17.Ba5 Rc2 18.Qb3 Bd5 19.Qe3 Nc6 20.Be1 b4 21.axb4 Nxb4 22.Nc3 a5
23.Nxd5 Nfxd5 24.Qe4 Qc8 25.Ne5 a4 26.Qf3 Bd6 27.Nd3 Nc6 28.Nf4 Ncb4 29.e4 Nc3
30.Rd2 a3 31.e5 Bf8 32.d5 Ncxd5 33.Rxa3 Rxa3 34.Qxa3 Rc1 35.Re2 Nxf4 36.gxf4 Nd5
37.Qg3 Qc4 38.Bf1 Bb4 39.f3 Bc5+ 40.Kh1 Nxf4  0-1

[Event "1st Open"]
[Site "d'Angers FRA"]
[Date "2006.05.06"]
[Round "2"]
[White "Lesbros,B"]
[Black "Delorme,Al"]
[Result "0-1"]
[WhiteElo "2043"]
[BlackElo "2298"]

1.Nf3 Nf6 2.c4 e6 3.g3 d5 4.Bg2 Be7 5.d4 O-O 6.Qc2 dxc4 7.Qxc4 a6 8.O-O b5
9.Qc2 Bb7 10.Nc3 Nbd7 11.Rd1 Qc8 12.e4 b4 13.e5 bxc3 14.exf6 cxb2 15.Bxb2 Nxf6
16.Rac1 Bd6 17.Ng5 Bxg2 18.Kxg2 h6 19.Ne4 Qb7 20.f3 Nxe4 21.fxe4 f5 22.Re1 fxe4
23.Rxe4 Rf5 24.Kg1 Raf8 25.d5 Rf2 26.Qxf2 Rxf2 27.Bd4 Qxd5  0-1

[Event "FSGM May"]
[Site "Budapest HUN"]
[Date "2006.05.10"]
[Round "5"]
[White "Gonda,L"]
[Black "Berczes,D"]
[Result "1/2-1/2"]
[WhiteElo "2465"]
[BlackElo "2450"]

1.d4 Nf6 2.Nf3 e6 3.g3 d5 4.Bg2 Be7 5.c4 dxc4 6.Qa4+ c6 7.Qxc4 b5 8.Qd3 Bb7
9.O-O Nbd7 10.a4 a6 11.Nc3 b4 12.Ne4 Nxe4 13.Qxe4 Nf6 14.Qc2 Rc8 15.Ne5 Qxd4
16.Nc4 Qa7 17.a5  1/2-1/2

[Event "FSIMB May"]
[Site "Budapest HUN"]
[Date "2006.05.13"]
[Round "8"]
[White "Ignacz,M"]
[Black "McDonald Ross,M"]
[Result "1/2-1/2"]
[WhiteElo "2228"]
[BlackElo "2198"]

1.d4 d5 2.c4 e6 3.Nf3 Nf6 4.g3 Be7 5.Bg2 O-O 6.O-O Nbd7 7.Nbd2 b6 8.Qc2 Bb7
9.Rd1 c5 10.b3 Rc8 11.Bb2 dxc4 12.Nxc4 cxd4 13.Qd2 Nc5 14.Bxd4 Bd5 15.Ne3 Be4
16.Qb2 Qc7 17.Be5 Qb7 18.Nc4 Rfd8 19.Ncd2 Bd5 20.Rac1 a5 21.Nc4 Ne8 22.Bd4 Bf6
23.Ne3 Be4 24.Bxf6 Nxf6 25.b4 axb4 26.Qxb4 Qa6 27.Qc4 Qa5 28.Nd4 Bxg2 29.Nxg2 Nd5
30.Qb5 Qxb5 31.Nxb5 Ra8 32.a3 Kf8 33.f3 Ke7 34.Kf2 Ra5 35.Rb1 Rc8 36.e4 Rxb5
37.exd5 Rxb1 38.Rxb1 Nd7 39.Ne3  1/2-1/2

[Event "ch-UKR sf"]
[Site "Alushta UKR"]
[Date "2006.05.15"]
[Round "3"]
[White "Aliferenko,A"]
[Black "Kravtsiv,M"]
[Result "0-1"]
[WhiteElo "2251"]
[BlackElo "2379"]

1.d4 Nf6 2.c4 e6 3.g3 d5 4.Nf3 Be7 5.Bg2 O-O 6.O-O dxc4 7.Ne5 Nc6 8.Nxc6 bxc6
9.Bxc6 Rb8 10.b3 Ba6 11.Bf3 Qd7 12.Nc3 Rfd8 13.Bf4 Rbc8 14.Qc2 Qxd4 15.Be3 Qe5
16.Bxa7 Bb4 17.Rfc1 c5 18.a3 Bxc3 19.Qxc3 Qc7 20.b4 Qxa7  0-1

[Event "3rd All-China Games"]
[Site "Suzhou CHN"]
[Date "2006.05.25"]
[Round "10"]
[White "Wang Rui"]
[Black "Kuang Yinghui"]
[Result "1-0"]
[WhiteElo "2497"]
[BlackElo "2303"]

1.Nf3 d5 2.c4 e6 3.d4 Nf6 4.g3 Be7 5.Bg2 O-O 6.O-O dxc4 7.Qc2 Bd7 8.Qxc4 Bc6
9.Nc3 a6 10.Qd3 Nbd7 11.Rd1 b5 12.a3 Rb8 13.Qc2 Qc8 14.e4 Ba8 15.b4 Nb6 16.Bg5 h6
17.Bf4 Nc4 18.Nd2 Nxd2 19.Qxd2 Nd7 20.Rac1 Qd8 21.Nb1 Bd6 22.e5 Be7 23.d5 exd5
24.e6 fxe6 25.Bxc7 Qe8 26.Qe2 Rc8 27.Qxe6+ Rf7 28.Qxa6 Nc5 29.bxc5 Rxc7 30.c6 Rxc6
31.Qxb5 Qc8 32.Rxc6 Qxc6 33.Qxc6 Bxc6 34.Rc1 Bb7 35.Rc7 Bd6 36.Rxb7 Rxb7
37.Bxd5+ Rf7 38.Kf1 Kf8 39.Bxf7 Kxf7 40.Ke2 Ke6 41.Kd3 Bc5 42.f3 Bg1 43.h3 Bf2
44.g4 Ke5 45.a4 Kf4 46.Ke2 Bb6 47.h4 h5 48.gxh5 Kg3 49.Nd2 Kxh4 50.Nc4 Ba7
51.Kd3 Kxh5 52.Ke4 g5 53.Kf5 Kh4 54.a5 Kg3 55.Ne5 Bd4 56.a6  1-0

[Event "37th Olympiad w"]
[Site "Turin ITA"]
[Date "2006.05.28"]
[Round "7"]
[White "Cua,Sheri"]
[Black "Savola,L"]
[Result "1-0"]
[WhiteElo "1954"]
[BlackElo "1930"]

1.d4 d5 2.c4 e6 3.Nf3 Nf6 4.g3 Be7 5.Bg2 O-O 6.O-O Nbd7 7.Nbd2 c6 8.Qc2 b6
9.b3 Bb7 10.Bb2 Rc8 11.Rac1 c5 12.Qb1 cxd4 13.Nxd4 Bb4 14.Rfd1 Qe7 15.Nf1 Nb8
16.Ne3 dxc4 17.Bxb7 Qxb7 18.Nxc4 Nbd7 19.Nb5 a6 20.Nbd6 Bxd6 21.Nxd6 Rxc1
22.Qxc1 Qb8 23.Qc6 Qa8 24.Rc1 Qxc6 25.Rxc6 Nd5 26.a3 Nb8 27.Rc8 Rxc8 28.Nxc8 Nc6
29.e4 Nce7 30.Nd6 Nf6 31.Bd4 b5 32.Bxf6 gxf6 33.Ne8 f5 34.Nc7 fxe4 35.Nxa6 Nd5
36.Kf1 Kf8 37.Nc5 e3 38.f3 Ke7 39.Ke2 f5 40.Nd3 Kd6 41.Nf4 Nb6 42.Kxe3 e5
43.Ne2 Nd5+ 44.Kd3 Nf6 45.Nc3 Kc5 46.Nd1 e4+ 47.fxe4 fxe4+ 48.Ke3 Ng4+ 49.Kxe4 Nxh2
50.Ne3 h5 51.b4+ Kd6 52.Kf4 Ke6 53.Kg5 Ke5 54.Kxh5 Ke4 55.Ng4 Nf1 56.Kh4 Kd3
57.Ne5+ Kc3 58.g4 Ne3 59.g5 Nf5+ 60.Kh5 Kb3 61.Kg6 Nh4+ 62.Kf6 Kxa3 63.Nc6 Kb3
64.Ke6 Kc4 65.Kd6 Nf5+ 66.Kc7 Nh4 67.Kb6 Ng6 68.Ka5 Nf8 69.Na7 Ne6 70.g6  1-0